00502nam a2200181Ia 4500008004100000020001500041082000800056100002600064245003600090250000600126260002800132300001000160500002400170650001200194942000700206952009000213999001700303230524s9999 xx 000 0 und d a8189757172 bPAN aAdesh K. Pandy941975 0aFundamentals of Compiler Design a2 aNew DelhibKatsonc2011 a586p; aQuantity Number: 1 aComp-Sc cBK 00104070aTATCLbTATCLcGENd2023-05-24l0o PANp53835r2023-05-24w2023-05-24yBK c56390d56390